DLR Stations - Statistics

General Stats
  • This quiz has been taken 1,076 times
  • The average score is 32 of 45
Answer Stats
Station % Correct
Bank
93%
Canary Wharf
93%
Stratford
91%
Greenwich
85%
Shadwell
85%
Lewisham
84%
Tower Gateway
83%
London City Airport
82%
Stratford International
81%
Cutty Sark (for Maritime Greenwich)
80%
East India
80%
Poplar
80%
Beckton
79%
Limehouse
79%
Mudchute
78%
West India Quay
78%
Custom House (for ExCeL)
76%
Canning Town
75%
Cyprus
75%
Island Gardens
74%
Woolwich Arsenal
73%
Heron Quays
71%
Westferry
71%
King George V
70%
Stratford High Street
70%
Pudding Mill Lane
69%
West Ham
69%
Royal Victoria
68%
Royal Albert
67%
Beckton Park
66%
Prince Regent
66%
Star Lane
66%
Bow Church
65%
Deptford Bridge
64%
South Quay
64%
Abbey Road
63%
Blackwall
63%
Gallions Reach
63%
All Saints
62%
Crossharbour
61%
Elverson Road
61%
Pontoon Dock
59%
West Silvertown
57%
Devons Road
55%
Langdon Park
55%
No matching quizzes found
Score Distribution
Percent of People with Each Score
Percentile by Number Answered
Your Score History
You have not taken this quiz